00386 a2200157 4500003000400000005001700004008004100021020001800062040000900080082001900089100001500108245005200123250001200175260003100187300001000218OSt20231214121241.0231214b |||||||| |||| 00| 0 eng d a9788173714948 coclc a537.622bROY/P1 aRoy, D. K. aPhysics of semiconductor devices /cDilip K Roy a2nd ed. bUniversities press,c2013. a472 p